Top 50 Footballers Currently 2026 - Statistics

General Stats
  • This quiz has been taken 224 times
  • The average score is 35 of 50
Answer Stats
Hint Answer % Correct
#1 ST Kylian Mbappe
99%
#2 ST Erling Haaland
98%
#3 RW Lamine Yamal
97%
#5 GK Thibaut Courtois
94%
#6 CM Jude Bellingham
93%
#13 RB Achraf Hakimi
89%
#9 CDM Declan Rice
89%
#23 ST Harry Kane
89%
#20 LW Vinícius Júnior
89%
#7 CM Pedri
87%
#4 CM Vitinha
87%
#11 RW Ousmane Dembele
84%
#16 RW Bukayo Saka
83%
#21 GK Gianluigi Donnarumma
83%
#12 LB Nuno Mendes
83%
#19 RW Christian Pulisic
81%
#32 CM Federico Valverde
77%
#17 CB William Saliba
77%
#27 RW Desire Doue
76%
#40 CB Virgil Van Dijk
76%
#14 CDM Moises Caicedo
74%
#24 CAM Bruno Fernandes
73%
#37 CM Dominik Szoboszlai
73%
#10 RW Michael Olise
73%
#15 CB Gabriel
72%
#44 GK Yann Sommer
72%
#18 CB Alessandro Bastoni
69%
#33 CM Arda Guler
69%
#26 LW Khvicha Kvaratskhelia
69%
#31 ST Lautaro Martínez
69%
#35 CAM Jamal Musiala
67%
#43 GK David Raya
66%
#42 ST Julian Alvarez
66%
#46 LW Jeremy Doku
62%
#28 CB William Pacho
62%
#49 RB Trent Alexander Arnold
61%
#34 LW Bradley Barcola
59%
#39 CB Marquinhos
58%
#29 CDM Aurelien Tchouameni
54%
#48 LB Fedrico Dimarco
53%
#38 LB Marc Cucurella
52%
#8 LW Raphina
52%
#41 RWB Denzel Dumfries
51%
#25 RB Joao Neves
51%
#30 ST Hugo Ekitike
49%
#36 GK Joan Garcia
45%
#47 CB Micky Van De Ven
43%
#45 ST Marcus Thurham
42%
#22 CAM Fermin Lopez
38%
#50 RW Antony
14%
No matching quizzes found
Score Distribution
Percent of People with Each Score
Percentile by Number Answered
Your Score History
You have not taken this quiz